| 000 | 00716nam a2200253 a 4500 | ||
|---|---|---|---|
| 001 | nice12345678 | ||
| 003 | IN_TiNIC | ||
| 005 | 20260116013749.0 | ||
| 008 | 050524s1996 newa grp 000 0 eng | ||
| 020 |
_a0875524 _c739.26 |
||
| 082 | 0 | 0 |
_a220.91 _bROB |
| 100 | _aRobertson, O Palmer | ||
| 245 |
_aUnderstanding the Land of the Bible _b Biblical-Theological Guide |
||
| 260 |
_aNew Jersey _bP and R Publishing _c1996 |
||
| 300 | _a158p | ||
| 500 | _aincludes index and biblioraphy | ||
| 505 | 2 | _aBibliography, Reference and Index | |
| 650 | _aBible-Geography | ||
| 650 | _aPalestine-Historical Geography | ||
| 700 | 1 | _aRobertson, O Palmer | |
| 902 | _bSRS | ||
| 942 | _cBK | ||
| 999 |
_c12374 _d12374 |
||